书目信息 |
| 题名: |
量度之精准性与图解法
|
|
| 作者: | 昝宝澄 著 | |
| 分册: | ||
| 出版信息: | 龙门联合书局印行 |
|
| 页数: | 62页 | |
| 开本: | 20cm | |
| 丛书名: | ||
| 单 册: | ||
| 中图分类: | P21 | |
| 科图分类: | ||
| 主题词: | 普通测量学 , 地形测量学 | |
| 电子资源: | ||
| ISBN: | ||
| 000 | 00539nam0 2200193 450 | |
| 001 | 0652643827 | |
| 005 | 20060813144209.07 | |
| 010 | @dCNY7000.00(旧币) | |
| 100 | @a20060813d km y0chiy0120 ea | |
| 101 | 0 | @achi |
| 200 | 1 | @a量度之精准性与图解法@Aliang du zhi jing zhun xing yu tu jie fa@f昝宝澄 著@Fzan bao cheng zhu |
| 210 | @c龙门联合书局印行 | |
| 215 | @a62页@d20cm | |
| 606 | 0 | @a普通测量学 |
| 606 | 0 | @a地形测量学 |
| 690 | @aP21@v3 | |
| 701 | 0 | @a昝宝澄@Azan bao cheng@4著 |
| 801 | 0 | @aCN@bPFT@c20060813 |
| 905 | @a10447@dP21@e124 | |
| 量度之精准性与图解法/昝宝澄 著.-龙门联合书局印行 |
| 62页;20cm |
| ISBN :CNY7000.00(旧币) |
| ● |
| 相关链接 |
|
|
|
|
正题名:量度之精准性与图解法
索取号:P21/124
 
预约/预借
| 序号 | 登录号 | 条形码 | 馆藏地/架位号 | 状态 | 备注 |
| 1 | 0452555 | 204525558 | 密集书库/ [索取号:P21/124] | 在馆 |